[Event "Asia-chT 16th"]
[Site "Guangzhou"]
[Date "2010.11.21"]
[Round "4"]
[White "Jung, Minwoo"]
[Black "Abu Sufian, Sakil"]
[Result "0-1"]
[WhiteElo "1701"]
[BlackElo "2340"]
[PlyCount "90"]
[EventDate "2010.11.18"]
[EventType "team-swiss"]
[EventRounds "9"]
[EventCountry "CHN"]
[SourceTitle "CBM 139 Extra"]
[Source "ChessBase"]
[SourceDate "2011.01.05"]
[SourceVersion "1"]
[SourceVersionDate "2011.01.05"]
[SourceQuality "1"]
[WhiteTeam "Korea"]
[BlackTeam "Bangladesh"]
[WhiteTeamCountry "KOR"]
[BlackTeamCountry "BAN"]

1. c4 e5 2. Nc3 Nc6 3. g3 g6 4. Bg2 Bg7 5. e3 d6 6. Nge2 f5 7. 0-0 Nf6 8. f4 e4 9. d3 exd3 10. Qxd3 0-0 11. Nd4 Bd7 12. Nd5 Re8 13. Nb5 Rc8 14. Rd1 a6 15. Ndxc7 Rxc7 16. Nxc7 Qxc7 17. Qxd6 Qxd6 18. Rxd6 Kf7 19. Bd2 Bf8 20. Rd3 Bc5 21. b4 Nxb4 22. Bxb4 Bxb4 23. Bxb7 a5 24. h3 Bc5 25. Kf2 Ba4 26. Rc1 Kg7 27. Bf3 Ne4+ 28. Bxe4 Rxe4 29. a3 Re7 30. Rcc3 Bc6 31. Rd8 Rc7 32. Rb3 a4 33. Rbb8 Bxa3 34. Rdc8 Rxc8 35. Rxc8 Be4 36. Rc7+ Kf6 37. Ra7 Bc2 38. g4 Bb2 39. Ke2 a3 40. g5+ Ke6 41. Ra6+ Kd7 42. Kd2 Bb1 43. Ra7+ Kc6 44. Rxh7 a2 45. Ra7 a1Q 0-1

[Event "Asian-ch U14"]
[Site "Beijing"]
[Date "2010.07.09"]
[Round "1.2"]
[White "Jung, Minwoo"]
[Black "Das, Sayantan"]
[Result "0-1"]
[WhiteElo "1718"]
[BlackElo "2311"]
[PlyCount "54"]
[EventDate "2010.07.09"]
[EventType "swiss"]
[EventRounds "9"]
[EventCountry "CHN"]
[SourceTitle "EXT 2024"]
[Source "ChessBase"]
[SourceDate "2023.10.10"]
[SourceVersion "1"]
[SourceVersionDate "2023.10.10"]
[SourceQuality "1"]

1. c4 e6 2. Nc3 d5 3. cxd5 exd5 4. d4 Nf6 5. Bg5 Nbd7 6. e3 c6 7. Bd3 Be7 8. Nf3 0-0 9. 0-0 Re8 10. Qc2 Nf8 11. Rab1 Ng6 12. b4 Ne4 13. Bxe7 Qxe7 14. Bxe4 dxe4 15. Nd2 f5 16. b5 Be6 17. bxc6 bxc6 18. Na4 Bd5 19. Nc5 Qg5 20. Kh1 Qh5 21. Nc4 Re7 22. Qa4 Rf8 23. Na5 Rc7 24. Na6 Rcc8 25. Rfc1 f4 26. Nxc6 f3 27. g4 Qh3 0-1